UK towns & cities by pro sports clubs - Statistics

General Stats
  • This quiz has been taken 224 times
  • The average score is 10 of 20
Answer Stats
Sports clubs Town / City % Correct
Rocks, Celtic, Warriors, Rangers & Clan Glasgow
95%
United, Steelers & Wednesday Sheffield
83%
Panthers, Forest & County Nottingham
78%
Warriors & Athletic Wigan
74%
Carnegie, Rhinos & United Leeds
71%
Storm, City, Giants & United Manchester
71%
Dons & Lightning Milton Keynes
63%
Giants & Ulster Rugby Belfast
61%
Flyers, City, Bears & Rovers Bristol
54%
Red Devils & Sale Sharks Salford
48%
Eagles, United & Falcons Newcastle
46%
Tigers, Riders & City Leicester
44%
City, Blaze & Wasps Coventry
42%
City & Ospreys Swansea
41%
Town & Saints Northampton
40%
Blues, Devils & City Cardiff
39%
Giants & Town Huddersfield
35%
Flames & Surrey Scorchers Guildford
25%
Wolves & Warriors Worcester
7%
Stars & United Dundee
5%
No matching quizzes found
Score Distribution
Percent of People with Each Score
Percentile by Number Answered
Your Score History
You have not taken this quiz